| Tag |
First Indicator |
Second Indicator |
Subfields |
| LEADER |
00000cam a2200000 4500 |
| 001 |
in00000077456 |
| 005 |
20151008052745.0 |
| 008 |
711222s1957 nju 00000 eng u |
| 010 |
|
|
|a 57007380
|
| 035 |
|
|
|a (OCoLC)00186265
|
| 035 |
|
|
|9 AAH4751AM
|
| 040 |
|
|
|c WSU
|d OCL
|d TXA
|d UtOrBLW
|
| 049 |
|
|
|a TXAM
|c [282934]
|
| 050 |
|
0 |
|a LB2822.5
|b .H53
|
| 092 |
|
|
|a 372
|b H6312e
|
| 100 |
1 |
|
|a Hicks, William Vernon.
|
| 245 |
1 |
4 |
|a The elementary school principal at work /
|c [by] William V. Hicks and Marshall C. Jameson. Illustrated by Claude R. Streb.
|
| 264 |
|
1 |
|a Englewood Cliffs, N.J. :
|b Prentice-Hall,
|c 1957.
|
| 300 |
|
|
|a 332 pages
|
| 336 |
|
|
|a text
|b txt
|2 rdacontent
|
| 337 |
|
|
|a unmediated
|b n
|2 rdamedia
|
| 338 |
|
|
|a volume
|b nc
|2 rdacarrier
|
| 490 |
1 |
|
|a Prentice-Hall education series
|
| 650 |
|
0 |
|a School management and organization.
|
| 700 |
1 |
|
|a Jameson, Marshall C.
|
| 830 |
|
0 |
|a Prentice-Hall education series.
|
| 999 |
|
|
|a MARS
|
| 999 |
f |
f |
|s a152688e-578a-39a1-b374-8ed0ba17702f
|i 9804145f-1c3c-3e69-9846-2f9f735f5ef2
|t 0
|
| 952 |
f |
f |
|p normal
|a Texas A&M University
|b College Station
|c Sterling C. Evans Library
|d Evans: Library Stacks
|t 0
|e LB2822.5 .H53
|h Library of Congress classification
|i unmediated -- volume
|m A14800848528
|
| 998 |
f |
f |
|a LB2822.5 .H53
|t 0
|l Evans: Library Stacks
|